00945nam a2200169 a 450000100100000000500170001000800410002704000250006824502110009326000430030430000210034770000610036895201120042995201060054195201110064799900170075800003804820201002031149.0130312s2011 dr 000 0 spa d aDO-SdBNPbspacBNPHU00aÍndice general de la legislación de la República Dominicana año 2010 :bperiodo del gobierno constitucional del Dr. Leonel Fernández /ceditado por la Consultoría Jurídica del Poder Ejecutivo. aSanto Domingo :bAlfa & Omega ,c2011. a435 p. ;c22 cm.1 aConsultoría Jurídica del Poder Ejecutivoeed.964447 00107-18DSaGRbGRcOId2013-03-12iLF1l0o p38048-30r2020-06-25te. 3w2020-06-25yLFDSZNo se presta 00107-18PDaPDbPDcOId2013-03-12iLF1l0o p38048-10r2020-06-25w2020-06-25yLFPDZNo se presta 0010728PDaPDbPDcOId2013-03-12iLF1l0o p38048-20r2020-06-25te. 2w2020-06-25yLFPDZNo se presta c37538d37538